Statistics for Loomade nimed inglise keeles

Click here to take the quiz!

General Stats

  • This quiz has been taken 116 times
  • The average score is 22 of 42

Answer Stats

EestiInglise% Correct
kasscat
96%
koerdog
96%
hiirmouse
90%
karubear
89%
sigapig
88%
hobunehorse
86%
huntwolf
81%
lehmcow
79%
lammassheep
76%
rebanefox
74%
rottrat
74%
lõvilion
72%
tiigertiger
72%
madusnake
69%
elevantelephant
68%
sebrazebra
68%
konnfrog
64%
nahkhiirbat
54%
kilpkonnturtle
54%
kaamelcamel
51%
krokodillcrocodile
51%
kaelkirjakgiraffe
51%
kitsgoat
49%
eeseldonkey
47%
jõehobuhippopotamus
47%
pesukaruraccoon
44%
mägerbadger
42%
sisaliklizard
40%
ninasarvikrhinoceros
38%
metskitsdeer
36%
põdermoose
35%
ahvape
33%
kobrasbeaver
31%
muttmole
29%
metssigaboar
25%
jäneshare
25%
tuhkurferret
24%
hüaanhyena
22%
naaritsmink
19%
saarmasotter
19%
laiskloomsloth
18%
nugismarten
15%

Score Distribution

Percentile by Number Answered

Percent of People with Each Score

Your Score History

You have not taken this quiz